Đại cương triết học Trung Quốc Thiền luận Quyển thượng Thiền luận

محفوظ في:
التفاصيل البيبلوغرافية
مؤلفون آخرون: Trúc Thiên (Dịch)
التنسيق: كتاب
اللغة:Vietnamese
منشور في: TP HCM Thành phố Hồ Chí Minh 1993
الموضوعات:
الوسوم: إضافة وسم
لا توجد وسوم, كن أول من يضع وسما على هذه التسجيلة!
Thư viện lưu trữ: Mạng thư viện Đại học Đà Nẵng
LEADER 01108nam a2200325 4500
001 000013764
003 10108
005 20120322140339.0
008 120322s1993 viesd
041 0 |a vie 
082 |a 294  |b DAI 
245 1 0 |a Đại cương triết học Trung Quốc  |b Thiền luận  |c Trúc Thiên(Dịch)  |n Quyển thượng  |p Thiền luận 
260 |a TP HCM  |b Thành phố Hồ Chí Minh  |c 1993 
300 |a 662 tr.  |c 21 cm 
653 |a Đại cương 
653 |a Triết học 
653 |a Thiền luận 
700 |a Trúc Thiên  |e Dịch 
773 |t Đại cương triết học Trung Quốc  |w 10106 
910 |a duyên 
OWN |a LSP 
AVA |a UDN50  |b LSP  |d 294 DAI  |e available  |t Error 5001 Not defined in file expand_doc_bib_avail.  |f 1  |g 0  |h N  |i 0  |k 1 
999 |a From the UDN01 
AVA |a UDN50  |b LSP  |d 294 DAI  |e available  |t Error 5001 Not defined in file expand_doc_bib_avail.  |f 1  |g 0  |h N  |i 0  |k 1 
TYP |a Monograph 
TYP |a Printed language 
980 |a Mạng thư viện Đại học Đà Nẵng